|
|
|
|
| LEADER |
00695ntm a2200169 i 4500 |
| 001 |
misc57321 |
| 005 |
20201116144955.0 |
| 008 |
201112s1908 hu o 0|| ger d |
| 040 |
|
|
|a SZTE Miscellanea Repozitórium
|b hun
|
| 041 |
|
|
|a ger
|
| 100 |
1 |
|
|a Polner Ödön
|
| 245 |
1 |
0 |
|a "Az 1908.I.31-i kormánymegállapodás német szövege. Lényegét összefoglalja a Károly trónörökös számára írt ismertetés 9-12. l."
|h [elektronikus dokumentum] /
|c Polner Ödön
|
| 260 |
|
|
|c 1908-01-31
|
| 300 |
|
|
|a 4 fol.
|c 34 x 21 cm
|
| 561 |
|
|
|a Polner Ödön hagyaték
|
| 695 |
|
|
|a Jogtudomány - Magyarország - 1908 - forrás
|
| 856 |
4 |
0 |
|u http://misc.bibl.u-szeged.hu/57321/1/polner_003_003.pdf
|z Dokumentum-elérés
|